Представление документа в формате RUSMARC

ПолеНазваниеЗначение
  Тип записи a
  Библиографический уровень m
001 Контрольный номер c7a321db296d4f8a887ad52a2f03d201
005 Дата корректировки 20160920161811.4
010 Индекс ISBN __
a ISBN 978-5-16-002226-0
200 Заглавие и сведения об ответственности 1_
a Заглавие Инновационный менеджмент
b Общее обозначение материала Текст
e Сведения, относящиеся к заглавию учебник
210 Выходные данные 1_
a Место издания М.
c Издательство ИНФРА-М
d Дата издания 2008
215 Физическое описание __
a Объем 295 с.
c Иллюстрации/тип воспроизводства ил.: табл., граф.
225 Серия 2_
a Серия Высшее образование
330 Аннотация __
a Аннотация Даются характеристика инновационного процесса как объекта управления, его структура, раскрывается содержание инновационного менеджмента, рассматриваются внешние и внутренние факторы, влияющие на процесс освоения инноваций. Изложен механизм системы управления инновационными организациями, рассказано о порядке создания, принципах функционирования, реструктуризации и реинжиниринга инновационных предприятий. Большое внимание уделяется организационным структурам инновационного менеджмента.
606 Тематические рубрики __
a Основная рубрика Экономика организации (предприятия, фирмы)
610 Ключевые слова 0_
a Ключевые слова инновационные процессы
a Ключевые слова инновационная политика
a Ключевые слова венчурные фирмы
a Ключевые слова консорциумы
a Ключевые слова финансово-промышленные группы
a Ключевые слова стратегическое управление
686 Индексы других классификаций __
a Классификационный индекс 65.291.551-21
2 Код системы rubbk
700 Автор _1
a Фамилия Медынский
b Имя В. Г.
852 Данные о местонахождении __
i Авторский знак М 42
j Шифр хранения 65.291.21
938 Служебная информация __
a Название организации Волгоградский филиал
b Имя БД Каталог_ВКИ
c Название АИБС АИБС МАРК-SQL
952 Тип литературы __
b Гриф литературы для ВШ гриф
c Вид литературы учебник